Statistics for Pop Smoke Charting Songs (Billboard Hot Rap / R&B)

Click here to take the quiz!

General Stats

  • This quiz has been taken 7 times
    (2 since last reset)
  • The average score is 7 of 38

Answer Stats

AlbumWeeks OnPeakArtist(s)Song% Correct
Meet the Woo1 Week#48Pop Smoke ft. Nicki MinajWelcome to the Party
100%
Shoot for the Stars, Aim for the Moon23 Weeks#8Pop Smoke ft. Lil TjayMood Swings
100%
Shoot for the Stars, Aim for the Moon23 Weeks#9Pop Smoke ft. 50 Cent & Roddy RicchThe Woo
100%
Meet the Woo, Meet the Woo 2 and Shoot for the Stars, Aim for the Moon22 Weeks#12Pop SmokeDior
50%
Man on the Moon III: The Chosen2 Weeks#12Kid Cudi, Skepta & Pop SmokeShow Out
50%
Shoot for the Stars, Aim for the Moon15 Weeks#15Pop SmokeGot It on Me
50%
Faith1 Week#44Pop SmokeCoupe
50%
Shoot for the Stars, Aim for the Moon35 Weeks#4Pop Smoke ft. Lil Baby & DaBabyFor the Night
50%
Shoot for the Stars, Aim for the Moon (Deluxe Edition)20 Weeks#32Pop Smoke ft. A Boogie wit da HoodieHello
50%
Boogie3 Weeks#24Pop SmokeAP
50%
Faith1 Week#35Pop Smoke ft. Dua LipaDemeanor
0%
Faith1 Week#33Pop Smoke ft. Rick Ross & The-DreamManslaughter
0%
Shoot for the Stars, Aim for the Moon1 Week#33Pop Smoke ft. Swae LeeCreature
0%
JackBoys1 Week#33JackBoys, Pop Smoke & Travi$ ScottGATTI
0%
Shoot for the Stars, Aim for the Moon1 Week#42Pop Smoke ft. King CombsDiana
0%
Shoot for the Stars, Aim for the Moon1 Week#37Pop Smoke ft. Tyga & QuavoWest Coast Shit
0%
Faith1 Week#39Pop Smoke ft. Bizzy Banks30
0%
Faith1 Week#40Pop Smoke ft. Rah SwishBrush Em
0%
Shoot for the Stars, Aim for the Moon1 Week#43Pop SmokeTunnel Vision (Outro)
0%
Meet the Woo 21 Week#43Pop Smoke ft. QuavoShake the Room
0%
Faith1 Week#46Pop Smoke, Lil Tjay & Swae LeeGenius
0%
Hall of Fame1 Week#32Polo G ft. Pop Smoke & Fivio ForeignClueless
0%
Shoot for the Stars, Aim for the Moon36 Weeks#4Pop SmokeWhat You Know Bout Love
0%
Shoot for the Stars, Aim for the Moon2 Weeks#32Pop Smoke ft. Karol GEnjoy Yourself
0%
Shoot for the Stars, Aim for the Moon1 Week#31Pop SmokeBad Bitch from Tokyo (Intro)
0%
Faith1 Week#31Pop SmokeMore Time
0%
State of Emergency1 Week#28Lil Tjay ft. Fivio Foreign & Pop SmokeZoo York
0%
Faith1 Week#26Pop Smoke ft. FutureMr. Jones
0%
Shoot for the Stars, Aim for the Moon1 Week#22Pop SmokeYea Yea
0%
Faith6 Weeks#22Pop Smoke ft. Chris BrownWoo Baby
0%
Shoot for the Stars, Aim for the Moon3 Weeks#21Pop Smoke ft. Rowdy RebelMake It Rain
0%
Shoot for the Stars, Aim for the Moon9 Weeks#21Pop SmokeSomething Special
0%
Shoot for the Stars, Aim for the Moon1 Week#20Pop Smoke44 Bulldog
0%
Faith1 Week#19Pop Smoke ft. 21 Savage & 42 DuggBout a Million
0%
Shoot for the Stars, Aim for the Moon2 Weeks#18Pop SmokeGangstas
0%
Shoot for the Stars, Aim for the Moon2 Weeks#16Pop Smoke ft. QuavoAim for the Moon
0%
Faith2 Weeks#16Pop Smoke ft. Kanye West & Pusha TTell the Vision
0%
Shoot for the Stars, Aim for the Moon1 Week#30Pop Smoke ft. Quavo & FutureSnitchin
0%

Score Distribution

Percentile by Number Answered

Percent of People with Each Score

Your Score History

You have not taken this quiz since the last reset